Svätý Jozef teologické vovedenie

Bibliographic Details
Main Author: Griffin, Michael D. (Author)
Other Authors: Čajka, Miroslav (Translator)
Format: Book
Language:Slovak
English
PhysicalDescription:40 s. 21 cm
Published: Michalovce Misionár 1998
ISBN:8088724155
Subjects:

MARC

LEADER 00000cam a2200000 a 4500
001 vtls001365380
003 SK-MaSNL
005 20260301070739.0
008 240315s1998 xo gr 000 0 slo
015 |a SNBA1999/10-03606 
020 |a 8088724155  |q (brož.) 
035 |a SNK000319032 
035 |a urn:nbn:sk:snk-amkjkj 
035 |a urn:nbn:sk:snk-am003cxv 
035 |a 0201CAB2-7821-4B52-AE39-3E54AAF8D50B 
040 |a SNK  |b slo  |c SNK  |e AACR2 
041 1 |a slo  |h eng 
044 |a xo  |c SK 
072 7 |a 27  |x Kresťanstvo. Kresťanská cirkev všeobecne. Ekleziológia  |2 konspekt 
080 |a 272-36  |2 2001 
080 |a (0:82-4)  |2 2001 
100 1 |a Griffin, Michael D.  |4 aut  |9 387452 
240 1 0 |a Saint Joseph  |l Slovensky 
245 1 0 |a Svätý Jozef  |b teologické vovedenie  |c Michael D. Griffin ; [preklad: Miroslav Čajka] 
260 |a Michalovce  |b Misionár  |c 1998 
300 |a 40 s.  |c 21 cm 
600 1 7 |a Jozef,  |c svätý,  |d činný 1. storočie  |2 SNKKA  |9 39287 
650 0 7 |a katolícki svätci  |2 SNKPH  |9 1993 
650 0 7 |a Catholic saints  |2 SNKPHeng  |9 332783 
651 7 |a Uhorsko  |2 SNKPHeng  |9 28673 
651 7 |a Hungary  |2 SNKPHeng  |9 265263 
655 7 |a úvahy  |2 SNKPH  |9 29403 
655 7 |a Essays  |2 SNKPHeng  |9 267540 
700 1 |a Čajka, Miroslav  |4 trl  |9 387453 
852 |a Štátna vedecká knižnica v Banskej Bystrici 
919 |a 80-88724-15-5 
958 |a NT 
958 |a TL 
958 |a OP 
958 |a BQ 
999 |c 635366  |d 637296 
952 |t P60, <09>, [BOOK], {629}  |a SNK  |b SNK  |y NEVYP  |7 0  |o snkC 442  |i snk833/990614  |0 0  |1 0  |4 0  |d 1999-06-14  |l 0  |r 2005-01-02 00:00:00  |w 2026-02-23 
952 |t P60, <03>, [BOOK], {603}  |a SNK  |b SNK  |y PREZ  |7 0  |p 17A0197161  |o snkSC 98910  |i snkKSP 6565/99  |0 0  |1 0  |4 0  |d 1999-06-14  |f 1  |l 0  |r 2025-09-18 00:00:00  |w 2026-02-23 
952 |t P60, <04>, [BOOK], {604}  |a SNK  |b SNK  |y VYP  |7 0  |p 17A0197162  |o snkSC 98910 D1  |i snkKSP 6566/99  |0 0  |1 0  |4 0  |d 1999-06-14  |l 0  |r 2005-01-02 00:00:00  |w 2026-02-23